| 000 | 01090nam0a22002531 4500 | ||
|---|---|---|---|
| 001 | rc\2345426 | ||
| 005 | 20260406113605.0 | ||
| 035 | _a(NLR Aleph) 006588537 | ||
| 090 |
_a7121051 _c7121051 |
||
| 100 | _a20110829d1977 |||y0rusy50 ca | ||
| 101 | 0 | _arus | |
| 102 | _aRU | ||
| 105 | _ay d ||||| | ||
| 200 | 1 |
_aТезисы и рефераты докладов _fВоен.-мед. акад. им. С.М. Кирова. Итоговая конф. Воен.-науч. о-ва слушателей, посвящ. 60-й годовщине Великой Октябрьской соц. революции. 26 апр. 1977 г. |
|
| 210 |
_aЛенинград _cБ. и. _d1977 |
||
| 215 |
_a316 с. _d21 |
||
| 517 | 0 | _aРефераты докладов | |
| 710 | 0 | 2 |
_aВоенно-медицинская академия им. С. М. Кирова _cЛенинград _bВоенно-научное общество _3RU\NLR\AUTH\889603 _9291669 |
| 801 | 0 |
_aRU _bNLR _gpsbo |
|
| 801 | 1 |
_aRU _bELAR _2rusmarc |
|
| 852 |
_aNLR _j77-3/10225 |
||
| 899 |
_aRuMoRGB _jВО 680/203 |
||
| 942 | _cBOOK | ||
| 980 | _aNB | ||